000 00934nam a2200241 i 4500
001 13476
003 ES-MaACL
005 20250815163022.0
007 t|
008 980416s1978 sp ||||1| spa d
080 _a75.036(460)(064.3)
245 0 0 _aExposición de pintura de la Escuela de Madrid y el Grupo "El Paso" en colaboración con la Asociación Profesional de Galerías de Arte de Madrid
_b: Junio 1978.
260 _a[Madrid :
_bAyuntamiento, Delegación de Cultura :
_bMuseo Municipal,
_cD.L. 1978.
300 _a27 p. :
_bil. ;
_c28 cm.
610 2 7 _aEl Paso (Grupo artístico)
_93456
610 2 4 _aEscuela de Madrid (Pintura)
_93550
650 4 _aPintura española-
_yS.XX-
_vExposiciones.
_916043
655 7 _2tgfbne
_9193628
_aCatálogos de exposiciones
710 1 _aMadrid.
_bAyuntamiento.
_bDelegación de Cultura.
_95579
852 _aES-MaACL
_j2152-F-8
_bR.126522
942 _2udc
999 _c13476
_d13476